000 00633cam a2200205 4500
008 000000n2000 000 0 eng u
020 _a1860814409
035 _a(Sirsi) u110216
050 _a690.2
110 _aBuilding Research Establishment
245 _aInsulated profiled metal roofing.
260 _aLondon
_bCRC
_c2000
300 _a6p. (1 folded sheet) ; 30cm.
490 _aBRE Good Building Guide
_vGBG 43
650 _aMETAL ROOFING
650 _aBUILT ENVIRONMENT-BUILDING ELEMENTS-COMPLETE BUILDING ELEMENTS-ROOFS
650 _aMETAL SHEETING
690 _aBUILT ENVIRONMENT-BUILDING MATERIALS
942 _n0
999 _c101076
_d101076